<?xml version="1.0" encoding="UTF-8"?>
<collection xmlns="http://www.loc.gov/MARC21/slim">
<record>
  <controlfield tag="001">119740</controlfield>
  <controlfield tag="005">20240319081024.0</controlfield>
  <datafield tag="024" ind1="7" ind2=" ">
    <subfield code="2">doi</subfield>
    <subfield code="a">10.1016/j.theriogenology.2022.08.035</subfield>
  </datafield>
  <datafield tag="024" ind1="8" ind2=" ">
    <subfield code="2">sideral</subfield>
    <subfield code="a">130574</subfield>
  </datafield>
  <datafield tag="037" ind1=" " ind2=" ">
    <subfield code="a">ART-2022-130574</subfield>
  </datafield>
  <datafield tag="041" ind1=" " ind2=" ">
    <subfield code="a">eng</subfield>
  </datafield>
  <datafield tag="100" ind1=" " ind2=" ">
    <subfield code="a">Abecia, José Alfonso</subfield>
    <subfield code="u">Universidad de Zaragoza</subfield>
    <subfield code="0">(orcid)0000-0003-2827-3054</subfield>
  </datafield>
  <datafield tag="245" ind1=" " ind2=" ">
    <subfield code="a">Exposure of rams in sexual rest to sexually activated males in spring increases plasma LH and testosterone concentrations</subfield>
  </datafield>
  <datafield tag="260" ind1=" " ind2=" ">
    <subfield code="c">2022</subfield>
  </datafield>
  <datafield tag="506" ind1="0" ind2=" ">
    <subfield code="a">Access copy available to the general public</subfield>
    <subfield code="f">Unrestricted</subfield>
  </datafield>
  <datafield tag="520" ind1="3" ind2=" ">
    <subfield code="a">Eight stimulating rams, and twelve stimulated rams, were used to determine whether a similar endocrine response to the introduction of sexually active males in spring in a flock of ewes is observed in a flock of rams. The stimulating rams (n = 4) were induced into a sexually active state by exposure to 2 months of long days (16 h light/d) (15 December-15 February). At the end of the long-day period, rams were returned to the natural photoperiod. Control-stimulating rams (n = 4) were kept under the natural photoperiod. On April 20, stimulated rams were divided into 2 groups, and joined with activated (ACT; n = 6) or control stimulating rams (C; n = 6). On the day of ram introduction, stimulated rams were blood sampled for 8 h at 20-min intervals, from 4 h before to 4 h after ram introduction, and next day from 24 to 28 h after ram introduction, and analyzed for plasma LH concentrations, and 10, 20 and 30 days after ram introduction to measure plasma testosterone levels. Mean (±SEM) plasma LH concentrations (ng/ml) of stimulated rams were similar during the 4 h before stimulating-ram introduction (ACT: 0.59 ± 0.03; C: 0.53 ± 0.04; P > 0.05). The introduction of the photoperiod-treated stimulating rams increased LH concentrations of stimulated rams during the 4 h after their introduction (1.14 ± 0.37) compared with the C group (0.51 ± 0.03; P &lt; 0.05), especially during the first hour (ACT: 0.93 ± 0.16; C: 0.49 ± 0.03; P &lt; 0.05), and during the blood sampling period 24–28 h after ram introduction (0.75 ± 0.07 vs. 0.58 ± 0.04; P &lt; 0.05). Before the introduction of stimulating rams, the LH pulse frequencies and amplitudes did not differ between groups; however, LH pulsatility was higher at 4 h (0.58 ± 0.11 pulses/h; P &lt; 0.05), and had trend to be higher 24 h (0.50 ± 0.06) (P = 0.10) after the introduction of the photoperiod-treated stimulating rams compared with the control-stimulating rams (0.29 ± 0.08 and 0.29 ± 0.10, respectively). As for LH pulses, there was an effect of group (P &lt; 0.05) on LH amplitude, which presented a trend to be higher in ACT rams 4 h after ram introduction (1.68 ± 0.30; P &lt; 0.10) and higher 24 h (1.07 ± 0.08; P &lt; 0.05) after ram introduction, compared with LH amplitudes of C rams (0.71 ± 0.06 and 0.82 ± 0.07, respectively). Plasma testosterone concentrations of rams exposed to photoperiod-treated activated rams were higher than those of rams exposed to control-stimulating rams, at 4 h, 20 and 30 days after ram introduction (P &lt; 0.05). In conclusion, sexually active rams in spring are able to stimulate LH and testosterone secretion of other rams in sexual rest, a phenomenon we called “ram-to-ram effect".</subfield>
  </datafield>
  <datafield tag="540" ind1=" " ind2=" ">
    <subfield code="9">info:eu-repo/semantics/openAccess</subfield>
    <subfield code="a">by</subfield>
    <subfield code="u">http://creativecommons.org/licenses/by/3.0/es/</subfield>
  </datafield>
  <datafield tag="590" ind1=" " ind2=" ">
    <subfield code="a">2.8</subfield>
    <subfield code="b">2022</subfield>
  </datafield>
  <datafield tag="591" ind1=" " ind2=" ">
    <subfield code="a">VETERINARY SCIENCES</subfield>
    <subfield code="b">17 / 144 = 0.118</subfield>
    <subfield code="c">2022</subfield>
    <subfield code="d">Q1</subfield>
    <subfield code="e">T1</subfield>
  </datafield>
  <datafield tag="591" ind1=" " ind2=" ">
    <subfield code="a">REPRODUCTIVE BIOLOGY</subfield>
    <subfield code="b">19 / 31 = 0.613</subfield>
    <subfield code="c">2022</subfield>
    <subfield code="d">Q3</subfield>
    <subfield code="e">T2</subfield>
  </datafield>
  <datafield tag="592" ind1=" " ind2=" ">
    <subfield code="a">0.764</subfield>
    <subfield code="b">2022</subfield>
  </datafield>
  <datafield tag="593" ind1=" " ind2=" ">
    <subfield code="a">Animal Science and Zoology</subfield>
    <subfield code="c">2022</subfield>
    <subfield code="d">Q1</subfield>
  </datafield>
  <datafield tag="593" ind1=" " ind2=" ">
    <subfield code="a">Small Animals</subfield>
    <subfield code="c">2022</subfield>
    <subfield code="d">Q1</subfield>
  </datafield>
  <datafield tag="593" ind1=" " ind2=" ">
    <subfield code="a">Food Animals</subfield>
    <subfield code="c">2022</subfield>
    <subfield code="d">Q1</subfield>
  </datafield>
  <datafield tag="593" ind1=" " ind2=" ">
    <subfield code="a">Equine</subfield>
    <subfield code="c">2022</subfield>
    <subfield code="d">Q1</subfield>
  </datafield>
  <datafield tag="594" ind1=" " ind2=" ">
    <subfield code="a">5.6</subfield>
    <subfield code="b">2022</subfield>
  </datafield>
  <datafield tag="655" ind1=" " ind2="4">
    <subfield code="a">info:eu-repo/semantics/article</subfield>
    <subfield code="v">info:eu-repo/semantics/publishedVersion</subfield>
  </datafield>
  <datafield tag="700" ind1=" " ind2=" ">
    <subfield code="a">Canto, Francisco</subfield>
  </datafield>
  <datafield tag="700" ind1=" " ind2=" ">
    <subfield code="a">Keller, Matthieu</subfield>
  </datafield>
  <datafield tag="700" ind1=" " ind2=" ">
    <subfield code="a">Palacios, Carlos</subfield>
  </datafield>
  <datafield tag="700" ind1=" " ind2=" ">
    <subfield code="a">Chemineau, Philippe</subfield>
  </datafield>
  <datafield tag="700" ind1=" " ind2=" ">
    <subfield code="a">Delgadillo, José  Alberto</subfield>
  </datafield>
  <datafield tag="710" ind1="2" ind2=" ">
    <subfield code="1">2008</subfield>
    <subfield code="2">700</subfield>
    <subfield code="a">Universidad de Zaragoza</subfield>
    <subfield code="b">Dpto. Produc.Animal Cienc.Ali.</subfield>
    <subfield code="c">Área Producción Animal</subfield>
  </datafield>
  <datafield tag="773" ind1=" " ind2=" ">
    <subfield code="g">192 (2022), 116-121</subfield>
    <subfield code="p">1879-3231]</subfield>
    <subfield code="t">THERIOGENOLOGY</subfield>
    <subfield code="x">0093-691X</subfield>
  </datafield>
  <datafield tag="856" ind1="4" ind2=" ">
    <subfield code="s">1023291</subfield>
    <subfield code="u">http://zaguan.unizar.es/record/119740/files/texto_completo.pdf</subfield>
    <subfield code="y">Versión publicada</subfield>
  </datafield>
  <datafield tag="856" ind1="4" ind2=" ">
    <subfield code="s">2514540</subfield>
    <subfield code="u">http://zaguan.unizar.es/record/119740/files/texto_completo.jpg?subformat=icon</subfield>
    <subfield code="x">icon</subfield>
    <subfield code="y">Versión publicada</subfield>
  </datafield>
  <datafield tag="909" ind1="C" ind2="O">
    <subfield code="o">oai:zaguan.unizar.es:119740</subfield>
    <subfield code="p">articulos</subfield>
    <subfield code="p">driver</subfield>
  </datafield>
  <datafield tag="951" ind1=" " ind2=" ">
    <subfield code="a">2024-03-18-16:34:58</subfield>
  </datafield>
  <datafield tag="980" ind1=" " ind2=" ">
    <subfield code="a">ARTICLE</subfield>
  </datafield>
</record>
</collection>